<?xml version="1.0" encoding="UTF-8"?>
<marc:record xmlns:marc="http://www.loc.gov/MARC21/slim">
   <marc:leader>00000nam a2200000 a 4500</marc:leader>
   <marc:datafield ind1="1" ind2=" " tag="100">
      <marc:subfield code="a">Haslinger, Bernhard</marc:subfield>
      <marc:subfield code="4">edt</marc:subfield>
      <marc:subfield code="e">Bearbeiter/-in</marc:subfield>
   </marc:datafield>
   <marc:datafield ind1="1" ind2=" " tag="100">
      <marc:subfield code="a">Beddies, Thomas</marc:subfield>
      <marc:subfield code="4">ctb</marc:subfield>
      <marc:subfield code="e">Mitwirkende/-r</marc:subfield>
   </marc:datafield>
   <marc:datafield ind1="1" ind2=" " tag="100">
      <marc:subfield code="a">Heinz, Andreas</marc:subfield>
      <marc:subfield code="4">wpr</marc:subfield>
      <marc:subfield code="e">Writer of preface</marc:subfield>
   </marc:datafield>
   <marc:datafield ind1="1" ind2=" " tag="100">
      <marc:subfield code="a">Bock, Thomas</marc:subfield>
      <marc:subfield code="4">ctb</marc:subfield>
      <marc:subfield code="e">Mitwirkende/-r</marc:subfield>
   </marc:datafield>
   <marc:datafield ind1="1" ind2=" " tag="100">
      <marc:subfield code="a">Salize, Hans-Joachim</marc:subfield>
      <marc:subfield code="4">ctb</marc:subfield>
      <marc:subfield code="e">Mitwirkende/-r</marc:subfield>
   </marc:datafield>
   <marc:datafield ind1="1" ind2=" " tag="100">
      <marc:subfield code="a">Nickl-Weller, Christine</marc:subfield>
      <marc:subfield code="4">ctb</marc:subfield>
      <marc:subfield code="e">Mitwirkende/-r</marc:subfield>
   </marc:datafield>
   <marc:datafield ind1="1" ind2=" " tag="100">
      <marc:subfield code="a">Sloterdijk, Peter</marc:subfield>
      <marc:subfield code="4">ctb</marc:subfield>
      <marc:subfield code="e">Mitwirkende/-r</marc:subfield>
   </marc:datafield>
   <marc:datafield ind1=" " ind2=" " tag="653">
      <marc:subfield code="a">Psychiatrische Einrichtung</marc:subfield>
   </marc:datafield>
   <marc:datafield ind1=" " ind2=" " tag="653">
      <marc:subfield code="a">Architektur</marc:subfield>
   </marc:datafield>
   <marc:datafield ind1=" " ind2=" " tag="653">
      <marc:subfield code="a">Raum</marc:subfield>
   </marc:datafield>
   <marc:datafield ind1=" " ind2=" " tag="653">
      <marc:subfield code="a">Psychologie</marc:subfield>
   </marc:datafield>
   <marc:datafield ind1=" " ind2=" " tag="653">
      <marc:subfield code="a">Gesellschaftskritik</marc:subfield>
   </marc:datafield>
   <marc:datafield ind1=" " ind2=" " tag="653">
      <marc:subfield code="a">Kunst</marc:subfield>
   </marc:datafield>
   <marc:datafield ind1=" " ind2=" " tag="653">
      <marc:subfield code="a">Psychiatrie</marc:subfield>
   </marc:datafield>
   <marc:datafield ind1=" " ind2=" " tag="653">
      <marc:subfield code="a">Psychotherapie</marc:subfield>
   </marc:datafield>
   <marc:datafield ind1=" " ind2=" " tag="653">
      <marc:subfield code="a">Raumpsychologie</marc:subfield>
   </marc:datafield>
   <marc:datafield ind1=" " ind2=" " tag="653">
      <marc:subfield code="a">Softcover / Psychologie/Theoretische Psychologie</marc:subfield>
   </marc:datafield>
   <marc:datafield ind1=" " ind2=" " tag="653">
      <marc:subfield code="a">Aufsatzsammlung</marc:subfield>
   </marc:datafield>
   <marc:datafield ind1="0" ind2="0" tag="245">
      <marc:subfield code="a">Raum und Psyche</marc:subfield>
   </marc:datafield>
   <marc:datafield ind1="0" ind2="0" tag="245">
      <marc:subfield code="b">ein transdisziplinärer Dialog zu Freiräumen in der Psychiatrie</marc:subfield>
   </marc:datafield>
   <marc:datafield ind1="0" ind2="0" tag="245">
      <marc:subfield code="c">Bernhard Haslinger (Hg.) ; mit einem Vorwort von Andreas Heinz ; mit Beiträgen von Jir̆i Bartovanec [und 9 anderen</marc:subfield>
   </marc:datafield>
   <marc:datafield ind1=" " ind2="1" tag="264">
      <marc:subfield code="a">Gießen</marc:subfield>
      <marc:subfield code="b">Psychosozial-Verlag</marc:subfield>
   </marc:datafield>
   <marc:datafield ind1="1" ind2=" " tag="490">
      <marc:subfield code="a">Forum Psychosozial</marc:subfield>
   </marc:datafield>
   <marc:datafield ind1=" " ind2=" " tag="250">
      <marc:subfield code="a">Originalausgabe</marc:subfield>
   </marc:datafield>
   <marc:datafield ind1="1" ind2=" " tag="520">
      <marc:subfield code="a">Angaben aus der Verlagsmeldung

Raum und Psyche : Ein transdisziplinärer Dialog zu Freiräumen in der Psychiatrie

Räume wirken sich unmittelbar auf unsere seelische Verfassung aus. Sie laden zu Entdeckung und Erholung ein, können aber auch Beklemmung oder Aggression provozieren. So hat die architektonische und künstlerische Gestaltung der Umgebung auf den psychotherapeutischen Kontext ebenso entscheidenden Einfluss wie die inneren, die Beziehungs- und Spielräume. Welche Räume bietet die Gesellschaft – insbesondere mit Blick auf psychiatrische Einrichtungen – für die Menschen, seelisch gesund zu werden oder zu bleiben?

Mit diesem Band soll eine interdisziplinäre Annäherung an diese Frage unternommen werden. Namhafte ExpertInnen aus Philosophie, Psychiatrie, Medizingeschichte, Gesundheitsökonomie und -management, Politik und Architektur sowie VertreterInnen von Verbänden Psychiatrie-Erfahrener und Angehöriger formulieren ihre Perspektiven und treten in einen Dialog. In ausdrucksstarken Bildern wird zudem die Performance RAUMAUSLOTEN des Choreografen Jiří Bartovanec, dargestellt von TänzerInnen der Tanzcompagnie Sasha Waltz &amp; Guests, dokumentiert. Sie erkundet die konkreten Räume der Klinikarchitektur der Charité und stellt ihnen innere Seelenräume gegenüber.

Mit Beiträgen von Thomas Beddies, Thomas Bock, Hans-Joachim Salize, Christine Nickl-Weller und Peter Sloterdijk
</marc:subfield>
   </marc:datafield>
   <marc:datafield ind1=" " ind2=" " tag="020">
      <marc:subfield code="a">9783837925593</marc:subfield>
      <marc:subfield code="9">9783837925593</marc:subfield>
   </marc:datafield>
   <marc:datafield ind1=" " ind2=" " tag="020">
      <marc:subfield code="a">3837925595</marc:subfield>
      <marc:subfield code="9">3837925595</marc:subfield>
   </marc:datafield>
   <marc:datafield ind1=" " ind2=" " tag="041">
      <marc:subfield code="a">ger</marc:subfield>
   </marc:datafield>
   <marc:datafield ind1=" " ind2=" " tag="300">
      <marc:subfield code="a">171 Seiten</marc:subfield>
   </marc:datafield>
</marc:record>
